Na programe kvalita Dunajskostredskí veterinári súkajú rukávy

Bibliographic Details
Main Author: Rajský, Dušan, 1950- (Author)
Format: Article
Language:Slovak
Subjects:

MARC

LEADER 00000nab a2200000 a 4500
001 vtls000217895
003 SK-MaSNL
005 20260304031923.0
008 220422c1985 xo 0 slo
015 |a SNBRB19rr/mm-uuuuu 
035 |a CL0228009 
040 |a SNKBUCL  |b slo  |c SNKBUCL  |e AACR2 
041 0 |a slo 
044 |a xo  |c SK 
080 |a 619:618.19-002  |2 1981 
080 |a 618.19-002  |2 1981 
080 |a 636.22/.28.034  |2 1981 
100 1 |a Rajský, Dušan,  |d 1950-  |4 aut  |9 106685 
245 1 0 |a Na programe kvalita  |b Dunajskostredskí veterinári súkajú rukávy  |c Dušan Rajský 
650 0 7 |a veterinárna medicína  |2 SNKPH  |9 1148 
650 0 7 |a mliečny dobytok  |2 SNKPH  |9 67365 
650 0 7 |a mastitída (veterinárna medicína)  |2 SNKPH  |9 224559 
651 7 |a 5202  |2 snkbucl  |9 277881 
655 7 |a články z novín a časopisov  |2 SNK  |9 267496 
773 0 |t Roľnícke noviny  |g Roč. 40, č. 136 (12. 6. 1985), s. 5 
850 |a Slovenská národná knižnica v Martine  |a MTA001 
852 |a SNK  |b KIS3GCP 
958 |a RK 
958 |a ME 
992 |a RBX 
999 |c 2640521  |d 2642451